Náuka o požívatinách

Enregistré dans:
Détails bibliographiques
Auteurs principaux: Kubicová, Dagmar, Garová, Magdaléna (Auteur), Krišková, Alžbeta (Auteur), Ondrejová, Zlata (Auteur)
Format: Livre
Langue:slovaque
Publié: Martin Osveta 2004
Édition:[1. vyd.]
Sujets:
Accès en ligne:Voir à l'OPAC
Tags: Ajouter un tag
Pas de tags, Soyez le premier à ajouter un tag!

MARC

LEADER 00000nam a2200000 a 4500
005 20260127134353.0
008 171201s2004 xo l e p 000 0 slo
015 |a SNBA2005/05-01740 
020 |a 8080631654  |q (brož.) 
035 |a vtls001493251 
039 9 |a 201712011354  |b VLOAD  |c 201008271015  |d mschk03  |c 200604051434  |d msnk45  |c 200507200736  |d msnk36  |y 200502110803  |z msnk12 
040 |a SNK  |b slo  |d STUSCHK1  |c SNK 
041 0 |a slo 
044 |a xo  |c SK 
072 7 |a 613  |x Hygiena. Ľudské zdravie  |2 konspekt 
080 |a 641.1  |2 MDT-MRF 
080 |a 613.2  |2 MDT-MRF 
080 |a (075.3)  |2 MDT-MRF 
080 |a 613.26/.29  |2 MDT-MRF 
080 |a 61  |2 UNESCO 
100 1 |a Kubicová, Dagmar 
245 1 0 |a Náuka o požívatinách  |c Dagmar Kubicová a kolektív 
250 |a [1. vyd.] 
260 |a Martin  |b Osveta  |c 2004 
300 |a 159 s.  |b sch., tab.  |c 21 cm 
650 0 7 |a potraviny  |2 SNKPH 
650 0 7 |a nutričná hodnota potravín  |2 SNKPH 
650 0 7 |a racionálna výživa  |2 SNKPH 
655 7 |a učebnice stredných škôl  |2 SNKPH 
700 1 |a Garová, Magdaléna  |4 aut 
700 1 |a Krišková, Alžbeta  |4 aut 
700 1 |a Ondrejová, Zlata  |4 aut 
910 |a SCHK95 
919 |a 80-8063-165-4 
999 |c 11069  |d 11069